000 00951nam0a22002531 4500
001 rc\2327328
005 20250623050108.0
035 _a(NLR Aleph) 006581314
090 _a7048642
_c7048642
100 _a20110829d1977 |||y0rusy50 ca
101 0 _arus
102 _aRU
105 _ay z |||||
200 1 _aОрганизация экскурсий с учащимися за пределы Белорусской БССР
_e(Метод. письмо)
_fОтд. внекласс. и внешкольной работы М-ва просвещения БССР. Респ. станция юных туристов
210 _aМинск
_cБ. и.
_d1977
215 _a[2], 11 с.
_d20
300 _aВ конце текста сост.: М.Х. Рубио
702 1 _aРубио
_bМ.Х.
_4220
801 0 _aRU
_bNLR
_gpsbo
801 1 _aRU
_bELAR
_2rusmarc
852 _aNLR
_j78-4/9272
899 _aRuMoRGB
_jМ 78-11/627
942 _cBOOK
980 _aNB